Asia Capital to Country - Statistics

General Stats
  • This quiz has been taken 871 times
    868 since last reset
  • The average score is 39 of 46
Answer Stats
Hint Answer % Correct
Beijing China
98%
Bangkok Thailand
97%
Abu Dhabi United Arab Emirates
97%
Baghdad Iraq
96%
New Delhi India
95%
Tokyo Japan
95%
Kuwait City Kuwait
95%
Moscow Russia
95%
Jerusalem Israel
94%
Singapore Singapore
94%
Seoul South Korea
94%
Jakarta Indonesia
93%
Pyongyang North Korea
92%
Islamabad Pakistan
92%
Hanoi Vietnam
92%
Tehran Iran
91%
Kuala Lumpur Malaysia
91%
Beirut Lebanon
90%
Kathmandu Nepal
90%
Damascus Syria
90%
Kabul Afghanistan
89%
Riyadh Saudi Arabia
88%
Sri Jayawardenapura / Colombo* Sri Lanka
88%
Phnom Penh Cambodia
87%
Amman Jordan
87%
Ulaanbaatar Mongolia
87%
Manila Philippines
87%
Doha Qatar
85%
Dhaka Bangladesh
82%
Jerusalem/Ramallah Palestine
82%
Tbilisi / Kutaisi* Georgia
81%
Muscat Oman
81%
Sana'a Yemen
80%
Vientiane Laos
79%
Malé Maldives
78%
Baku Azerbaijan
77%
Bandar Seri Begawan Brunei
76%
Ashgabat Turkmenistan
76%
Dili East-Timor
74%
Astana Kazakhstan
74%
Tashkent Uzbekistan
74%
Thimphu Bhutan
72%
Naypyidaw Burma / Myanmar
72%
Dushanbe Tajikistan
69%
Manama Bahrain
67%
Bishkek Kyrgyzstan
65%
No matching quizzes found
Score Distribution
Percent of People with Each Score
Percentile by Number Answered
Your Score History
You have not taken this quiz since the last reset